000
00318nam a22001217a 4500
008
180605b xxu||||| |||| 00| 0 eng d
041
_a
eng
080
_a
043.3
100
_a
0
101
_a
SHKI-BTH
245
_a
Vigjilenca e individëve kundër tentimeve "Pishing": rast studimi në UBT
_c
Morina,E
942
_2
udc
_c
BK
999
_c
46298
_d
46298